000 00302nam a22001337a 4500
008 180920b xxu||||| |||| 00| 0 eng d
020 _a9780195337433
041 _aeng
080 _29 ED
_a070
100 _a40
101 _aMED
245 _aReporting For The Media
_cRender.J R
942 _2udc
_cBK
999 _c48145
_d48145